000 00569nam a2200217Ia 4500
003 OSt
005 20220926042311.0
006 a|||||r|||| 00| 0
007 ta
008 220923b |||||||| |||| 00| 0 eng d
037 _cGeneral Book
040 _aRTL
_cRTL
_beng
041 _2eng
_aeng
082 _aXM5:(Z2.N56);g, J6.1,.2
245 0 _aIndian company law assisted by Sudhindra kumar Pat
250 _a10-2 Pts
260 _c1956
650 _aCompany Law
942 _hXM5:(Z2.N56);g, J6.1,.2
_cGB
_2CC
999 _c669397
_d669397